[Event "ESP-ch U10 rapid"]
[Site "Salobrena"]
[Date "2024.07.06"]
[Round "1"]
[White "Costache, Stefan"]
[Black "Roca Barrios, Biel"]
[Result "0-1"]
[WhiteElo "1609"]
[BlackElo "1418"]
[PlyCount "114"]
[EventDate "2024.07.06"]
[EventType "swiss (rapid)"]
[EventRounds "9"]
[EventCountry "ESP"]
[SourceTitle "EXT 2025"]
[Source "ChessBase"]
[SourceDate "2024.10.14"]
[SourceVersion "1"]
[SourceVersionDate "2024.10.14"]
[SourceQuality "1"]

1. d4 d5 2. Bf4 c5 3. e3 Nc6 4. Nf3 Nf6 5. Nbd2 Bf5 6. c3 e6 7. Bb5 Bd6 8. Bg3 Bxg3 9. hxg3 0-0 10. Be2 h6 11. Ne5 Nxe5 12. dxe5 Ne4 13. f3 Nxg3 14. Bb5 Nxh1 15. Qe2 Qh4+ 16. Kd1 Ng3 17. Qf2 Qh1+ 18. Bf1 Nxf1 19. Qxf1 Qxf1+ 20. Nxf1 Rad8 21. Ke2 d4 22. e4 d3+ 23. Ke3 Bg6 24. c4 Rd7 25. Nd2 Rfd8 26. Rc1 Kh7 27. Rh1 f5 28. g3 fxe4 29. fxe4 Rd4 30. Rd1 Bh5 31. Rf1 R4d7 32. Re1 g5 33. Rf1 Rf7 34. Rh1 Bg6 35. Rc1 h5 36. Rh1 Kh6 37. a3 Rd4 38. b4 cxb4 39. axb4 g4 40. Nb3 Rxe4+ 41. Kd2 Rf2+ 42. Kc3 Rc2+ 43. Kxd3 Re1+ 44. Kd4 Rxh1 45. Ke3 Rc3+ 46. Kd4 Rxb3 47. c5 Rh3 48. Kc4 Rhxg3 49. b5 Rbc3+ 50. Kb4 h4 51. b6 axb6 52. cxb6 h3 53. Kb5 h2 54. Kb4 h1Q 55. Ka4 Rc4+ 56. Kb5 Rgc3 57. Ka5 Qd5# 0-1

[Event "ESP-ch U10"]
[Site "Salobrena"]
[Date "2024.07.05"]
[Round "8"]
[White "Juan Miguel, Javier"]
[Black "Costache, Stefan"]
[Result "1-0"]
[WhiteElo "1710"]
[BlackElo "1503"]
[PlyCount "69"]
[EventDate "2024.07.01"]
[EventType "swiss"]
[EventRounds "9"]
[EventCountry "ESP"]
[SourceTitle "EXT 2025"]
[Source "ChessBase"]
[SourceDate "2024.10.14"]
[SourceVersion "1"]
[SourceVersionDate "2024.10.14"]
[SourceQuality "1"]

1. e4 c6 2. Nf3 d5 3. Nc3 dxe4 4. Nxe4 Nf6 5. Nxf6+ exf6 6. d4 Bd6 7. Bd3 0-0 8. 0-0 Bg4 9. Be3 Nd7 10. Be2 Re8 11. d5 Qc7 12. dxc6 bxc6 13. h3 Bh5 14. Nd4 Bxe2 15. Qxe2 Nf8 16. Qf3 Rac8 17. Rad1 Be5 18. Qg4 Ng6 19. Nf5 h5 20. Qxh5 Ne7 21. Nxe7+ Qxe7 22. c3 Rb8 23. Rd2 Rb5 24. Qg4 Bb8 25. Rfd1 Qc7 26. g3 Qe7 27. Rd7 Qf8 28. b4 Rc8 29. Bc5 Qe8 30. Re7 Qf8 31. Rdd7 Rxc5 32. bxc5 Rd8 33. Rxf7 Rxd7 34. Rxf8+ Kxf8 35. Qxd7 1-0

[Event "ESP-ch Catalunya U10"]
[Site "Cambrils"]
[Date "2024.03.28"]
[Round "9"]
[White "Garcia Huerta, Joaquin Marc"]
[Black "Costache, Stefan"]
[Result "1/2-1/2"]
[WhiteElo "1617"]
[BlackElo "1461"]
[PlyCount "68"]
[EventDate "2024.03.23"]
[EventType "swiss"]
[EventRounds "9"]
[EventCountry "ESP"]
[SourceTitle "EXT 2025"]
[Source "ChessBase"]
[SourceDate "2024.10.14"]
[SourceVersion "1"]
[SourceVersionDate "2024.10.14"]
[SourceQuality "1"]

1. e4 c6 2. Nc3 d5 3. Qe2 d4 4. Nd1 e5 5. g3 Bd6 6. Bg2 Nf6 7. h3 0-0 8. d3 h6 9. c3 c5 10. Qc2 Nc6 11. Ne2 Be6 12. 0-0 Rc8 13. f4 dxc3 14. bxc3 c4 15. d4 exd4 16. cxd4 Nxd4 17. Nxd4 Bc5 18. Be3 Bxd4 19. Bxd4 Qxd4+ 20. Nf2 Nh5 21. f5 Bd7 22. Rfd1 Qe5 23. g4 Nf4 24. Bf1 Bc6 25. Rac1 g5 26. fxg6 fxg6 27. Bxc4+ Kh7 28. Qb3 Ba4 29. Qxa4 Nxh3+ 30. Nxh3 Qg3+ 31. Kh1 Qxh3+ 32. Kg1 Qg3+ 33. Kh1 Qh3+ 34. Kg1 Qg3+ 1/2-1/2